000 00294nam a2200109Ia 4500
008 201217s9999 xx 000 0 und d
100 _aSingh, Gurchain
245 0 _a(The) New Middle Class in India : A Sociological Analysis
260 _aJaipur
_bRawat Publications
300 _a100
942 _cBK
999 _c6991
_d6991